000
00298nam a2200133Ia 4500
008
240624s9999 xx 000 0 und d
041
_a
eng
082
_a
823 HAR
100
_a
HARRIS ROBERT
245
_a
GHOST
260
_c
2008
_a
London
_b
Arrow books
300
_a
400 p.; 19 cm.
365
_c
BPS
999
_c
28955
_d
28955